| 000 | 00415nam a22001457a 4500 | ||
|---|---|---|---|
| 005 | 20260415121831.0 | ||
| 008 | 260415b |||||||| |||| 00| 0 eng d | ||
| 020 | _a978-0-07-175487-3 | ||
| 100 | _aHecht Eugene | ||
| 245 |
_a Schaum's Outlines College Physics _c/Eugene Hecht |
||
| 250 | _a11th Edition | ||
| 260 |
_aNew York; _bMcGraw Hill Companies, inc; _c2012 |
||
| 300 |
_ax,513p.ill; _c28.5cm |
||
| 942 |
_2lcc _n0 _cBK |
||
| 999 |
_c223 _d223 |
||